Logo Biblioteca

El Nombre De La Rosa (Registro nro. 225)

Detalles MARC
000 -LEADER
fixed length control field 01056nam a22001697a 4500
003 - CONTROL NUMBER IDENTIFIER
control field OSt
005 - DATE AND TIME OF LATEST TRANSACTION
control field 20240410111315.0
008 - FIXED-LENGTH DATA ELEMENTS--GENERAL INFORMATION
fixed length control field 240410s1988 ag ||||| |||| 00| 0 spa d
020 ## - INTERNATIONAL STANDARD BOOK NUMBER
International Standard Book Number 8447300005
040 ## - CATALOGING SOURCE
Transcribing agency besoc
100 ## - MAIN ENTRY--PERSONAL NAME
Personal name Eco, Umberto
Relator term autor
245 ## - TITLE STATEMENT
Title El Nombre De La Rosa
Statement of responsibility, etc. Umberto Eco
260 ## - PUBLICATION, DISTRIBUTION, ETC.
Place of publication, distribution, etc. España:
Name of publisher, distributor, etc. Lumen
Date of publication, distribution, etc. 1988
300 ## - PHYSICAL DESCRIPTION
Extent 467 p.
520 ## - SUMMARY, ETC.
Summary, etc. Original mezcla de relato policiaco a lo Agatha Chistie y novela culta, El Nombre De La Rosa -primera novela del escritor y semiólogo italiano Umberto Eco- cuenta las peripecias de Fray Guillermo de Baskerville y su alumno y acompañante fiel, Adso de Melk, en una abadía benedictina en el primer tercio del siglo XIV. Peripecias que giran alrededor de unos misteriosos textos griegos y las extrañas muertes que se suceden en torno a ellos. Con el marco nada incomparable de la Edad Media, El nombre de la rosa se revela como una aventura laberíntica, perfecta tanto para los que busquen una lectura culta como para que dejen seducir por el puro entretenimiento.
942 ## - ADDED ENTRY ELEMENTS (KOHA)
Source of classification or shelving scheme Universal Decimal Classification
Koha item type Libro de préstamo a domicilio
Suppress in OPAC No

No hay ítems disponibles.

Biblioteca de la Escuela Preuniversitaria en Ciencias Sociales y Humanísticas.
Riobamba 250 bis.
CP 2000 - Rosario - Santa Fe
E-Mail: biblioteca@esociales.unr.edu.ar